Normal view
MARC view
Entry Personal Name
001 - CONTROL NUMBER
- control field: 22564
003 - CONTROL NUMBER IDENTIFIER
- control field: dpl
005 - DATE AND TIME OF LATEST TRANSACTION
- control field: 20100930145132.0
008 - FIXED-LENGTH DATA ELEMENTS
- fixed length control field: 100930|||a|||||| | ||| d
040 ## - CATALOGING SOURCE
- Original cataloging agency: dpl
- Transcribing agency: dpl
100 ## - HEADING--PERSONAL NAME
- Personal name: अग्रवाल, यतीश
670 ## - SOURCE DATA FOUND
- Source citation: Work cat.: (dpl)34039: अग्रवाल, यतीश , 365 स्वास्थ्य मंत्रः, 2009
670 ## - SOURCE DATA FOUND
- Source citation: Work cat.: (dpl)34039: अग्रवाल, यतीश , 365 स्वास्थ्य मंत्रः, 2009
